Staviame si športové ihrisko

Podrobná bibliografia
Hlavný autor: Polikarpov, V. P. (Autor)
Ďalší autori: Milecová, Elena (Prekladateľ)
Médium: Kniha
Jazyk:slovenčina
ruština
Fyzický popis:36, [3] s. V. 8°
Vydavateľské údaje: Bratislava Smena 1950
Edícia:Brošúry SÚV ČSM
Predmet:

MARC

LEADER 00000nam a2200000 a 4500
001 vtls008391361
003 SK-MaSNL
005 20260302025730.0
008 181109s1950 xo slo
015 |a SKSNBA19451955-009418 
035 |a SK01SNKBKSFS20010083578 
035 |a SKM000086041 
040 |a SNK  |b slo  |c SNK  |e AACR2 
041 1 |a slo  |h rus 
044 |a xo  |c SK 
080 |a 698  |2 1981 
100 1 |a Polikarpov, V. P.  |4 aut  |9 570652 
245 1 0 |a Staviame si športové ihrisko  |c V. Polikarpov ; (z rus. orig. prel. E. Dolinská-Milecová) 
260 |a Bratislava  |b Smena  |c 1950  |e Žilina  |f Práca 
300 |a 36, [3] s.  |c V. 8° 
490 0 |a Brošúry SÚV ČSM 
500 |a Ilustrované 
650 0 7 |a ihriská  |2 SNK  |9 181037 
655 7 |a príručky  |2 SNKPH  |9 74364 
700 1 |a Milecová, Elena  |4 trl  |9 275076 
830 0 |a Brošúry SÚV ČSM  |9 675423 
852 |a Slovenská národná knižnica v Martine  |b 10000  |h MS SD 7562 
958 |a OND 
958 |a RK 
958 |a TL 
999 |c 1045165  |d 1047095 
952 |a SNK  |b SNK  |y VYP  |7 0  |p 17A0747515  |o snkSD 7562 D1  |i snkD 100/63  |8 1  |0 0  |1 0  |4 0  |d 2011-11-18  |l 0  |r 2026-02-24 14:37:09  |w 2026-02-24 
952 |a SNK  |b SNK  |y VYP  |7 0  |p 17A0747514  |o snkSD 7562 D2  |i snkF 6975/64  |8 5  |0 0  |1 0  |4 0  |d 2011-11-18  |l 0  |r 2026-02-24 14:37:09  |w 2026-02-24